Power to the people: The politcial thought of M.K. Gandhi, M.N. Roy and Jayaprakash Narayan. 2V (Record no. 140504)

MARC details
000 -LEADER
fixed length control field 00412nam a2200145Ia 4500
008 - FIXED-LENGTH DATA ELEMENTS--GENERAL INFORMATION
fixed length control field 230917s9999||||xx |||||||||||||| ||und||
040 ## - CATALOGING SOURCE
-- 114900
Original cataloging agency VIVEKANANDA LIBRARY
041 ## - Language
-- English
082 ## - DDC NUMBER
Classification number 320.50954 P872P
100 ## - MAIN ENTRY--PERSONAL NAME
Personal name Pal, R M
245 #0 - TITLE STATEMENT
Title Power to the people: The politcial thought of M.K. Gandhi, M.N. Roy and Jayaprakash Narayan. 2V
260 ## - PUBLICATION, DISTRIBUTION, ETC. (IMPRINT)
Place of publication, distribution, etc New Delhi
Name of publisher, distributor, etc Gyan
Date of publication, distribution, etc 2007
300 ## - PHYSICAL DESCRIPTION
Pages 438 p.
942 ## - ADDED ENTRY ELEMENTS (KOHA)
Koha item type Books
Holdings
Withdrawn status Lost status Damaged status Not for loan Location (home branch) Sublocation or collection (holding branch) Date acquired Koha issues (times borrowed) Koha full call number Accession No. Koha date last seen Koha item type
        VIVEKANANDA LIBRARY VIVEKANANDA LIBRARY 24/04/2008   320.50954 P872P 244629 17/09/2023 Books
        VIVEKANANDA LIBRARY VIVEKANANDA LIBRARY 24/04/2008   320.50954 P872P 244630 17/09/2023 Books
        VIVEKANANDA LIBRARY VIVEKANANDA LIBRARY 24/04/2008   320.50954 P872P 261587 17/09/2023 Books
        VIVEKANANDA LIBRARY VIVEKANANDA LIBRARY 24/04/2008   320.50954 P872P 261588 17/09/2023 Books
© Designed and Maintained by Vivekananda Library, MDU Rohtak